| 000 | 01072nam a22003017a 4500 | ||
|---|---|---|---|
| 003 | DO-SdBNP | ||
| 005 | 20260305073952.0 | ||
| 007 | ta | ||
| 008 | 201207e1978 dr abcdgri||| 001 jdspa d | ||
| 040 |
_aDO-SdBNP _bspa _cBNPHU |
||
| 041 | _hspa | ||
| 082 | 4 |
_a972.93 _bM938m, 1978 _222 |
|
| 100 | 1 |
_aMoya Pons, Frank, _d1944- _92095 |
|
| 245 | 1 | 0 |
_aManual de historia dominicana / _cFrank Moya Pons. |
| 250 | _a4a. ed. | ||
| 260 |
_aSantiago, República Dominicana : _bUCMM , _c1978. |
||
| 300 |
_axi, 666 p. : _bil., mapas, retrs. ; _c21 cm. |
||
| 490 | 0 | _aTextos | |
| 500 | _aIncluye índice onomástico e índice analítico | ||
| 500 | _aIncluye datos biográficos del autor en la contracubierta | ||
| 590 | _aInventariado, 2021 / DG | ||
| 650 | 4 |
_aRepública Dominicana _xHistoria _9416 |
|
| 651 | 4 |
_aRepública Dominicana _xHistoria _9170 |
|
| 651 | 4 |
_aIsla Hispañola Haití y República Dominica _xHistoria _983061 |
|
| 710 | 2 |
_aPontificia Universidad Católica Madre y Maestra _9843 |
|
| 910 | _aD/G/Validado. Control de calidad MFF | ||
| 942 |
_2ddc _cLBS1 |
||
| 999 |
_c49256 _d49256 |
||